书目信息 |
| 题名: |
唐五代韵书集存
|
|
| 作者: | 周祖谟 编 | |
| 分册: | 上册 | |
| 出版信息: | 北京 中华书局 1983 |
|
| 页数: | 624页 | |
| 开本: | 25cm | |
| 丛书名: | ||
| 单 册: | ||
| 中图分类: | H113.2 | |
| 科图分类: | ||
| 主题词: | 唐韵 | |
| 电子资源: | ||
| ISBN: | ||
| 000 | 00610nam0 2200229 45 | |
| 001 | 0183010935 | |
| 005 | 20050428153441.2 | |
| 010 | @b精装@dCNY53.40 | |
| 091 | @a10018.461 | |
| 100 | @a19950128d1983 emky0chiy0121 ea | |
| 101 | 0 | @achi |
| 102 | @aCN@b110000 | |
| 105 | @ay z 000yy | |
| 200 | 10 | @a唐五代韵书集存@Atang wu dai yun shu ji cun@h上册@f周祖谟编@FZhou Zu MoBian |
| 210 | @a北京@c中华书局@d1983 | |
| 215 | @a624页@d25cm | |
| 606 | @a唐韵 | |
| 690 | @aH113.2@v3 | |
| 701 | 0 | @a周祖谟@4编 |
| 801 | 0 | @aCN@b上海图书馆@c20040421 |
| 801 | 2 | @aCN@bNLC@c20040421 |
| 905 | @dH113.2@e13:1@f1@b101271 | |
| 唐五代韵书集存.上册/周祖谟编.-北京:中华书局,1983 |
| 624页;25cm |
| ISBN (精装):CNY53.40 |
| ● |
| 相关链接 |
|
|
|
|
正题名:唐五代韵书集存
索取号:H113.2/13:1
 
预约/预借
| 序号 | 登录号 | 条形码 | 馆藏地/架位号 | 状态 | 备注 |
| 1 | 0101271 | 000830710 | 工具书阅览室/ [索取号:H113.2/13:1] | 在馆 | |
| 2 | 0101272 | 001566718 | 第二样本阅览室/ [索取号:H113.2/13:1] | 在馆 | |
| 3 | 0164652 | 000830701 | 第四借阅区/ [索取号:H113.2/13:1] | 在馆 |